Language Quiz

Random Language or Color Quiz

French: Colors Quiz Stats

 Plays Quiz Updated Jun 20, 2018

Score 0/10 Timer 03:00
4 Plays Today
% Correct
rouge
96.1%
blanc
95.5%
bleu
94.7%
vert
90.7%
noir
89.2%
orange
88.3%
rose
81.1%
gris
79.2%
violet
74.3%
jaune
73%

You're not logged in!

Compare scores with friends on all Sporcle quizzes.
OR
Log In

You Might Also Like...

Show Comments

Extras

Top Quizzes Today


Score Distribution

Your Account Isn't Verified!

In order to create a playlist on Sporcle, you need to verify the email address you used during registration. Go to your Sporcle Settings to finish the process.

Report this User

Report this user for behavior that violates our Community Guidelines.

Details: